Normal view
MARC view
- Greek tragedy in new translations.
Entry Uniform Title
001 - CONTROL NUMBER
- control field: 14001
003 - CONTROL NUMBER IDENTIFIER
- control field: NUST
005 - DATE AND TIME OF LATEST TRANSACTION
- control field: 20190327094910.0
008 - FIXED-LENGTH DATA ELEMENTS
- fixed length control field: 190327|| aca||aabn | a|a d
040 ## - CATALOGING SOURCE
- Original cataloging agency: NUST
- Transcribing agency: NUST
130 ## - HEADING--UNIFORM TITLE
- Uniform title: Greek tragedy in new translations.
670 ## - SOURCE DATA FOUND
- Source citation: Work cat.: (NUST)0: Sophocles. 13996, Electra and other plays /, 2010.
